<?xml version="1.0" encoding="UTF-8"?>
<collection xmlns="http://www.loc.gov/MARC21/slim">
 <record>
  <leader>01974nam a2200217Ia 4500</leader>
  <controlfield tag="001">CTU_181020</controlfield>
  <controlfield tag="008">210402s9999    xx            000 0 und d</controlfield>
  <datafield tag="020" ind1=" " ind2=" ">
   <subfield code="c">110000</subfield>
  </datafield>
  <datafield tag="082" ind1=" " ind2=" ">
   <subfield code="a">658.4</subfield>
  </datafield>
  <datafield tag="082" ind1=" " ind2=" ">
   <subfield code="b">H513</subfield>
  </datafield>
  <datafield tag="100" ind1=" " ind2=" ">
   <subfield code="a">Phạm, Trí Hùng</subfield>
  </datafield>
  <datafield tag="245" ind1=" " ind2="0">
   <subfield code="a">CEO &amp; hội đồng quản trị :</subfield>
  </datafield>
  <datafield tag="245" ind1=" " ind2="0">
   <subfield code="b">Cẩm nang quản trị, điều hành công ty hiện đại dành cho CEO, chủ tịch và các thành viên HĐQT</subfield>
  </datafield>
  <datafield tag="245" ind1=" " ind2="0">
   <subfield code="c">Phạm Trí Hùng, Nguyễn Trung Thẳng</subfield>
  </datafield>
  <datafield tag="260" ind1=" " ind2=" ">
   <subfield code="a">Hà Nội</subfield>
  </datafield>
  <datafield tag="260" ind1=" " ind2=" ">
   <subfield code="b">Lao động - Xã hội</subfield>
  </datafield>
  <datafield tag="260" ind1=" " ind2=" ">
   <subfield code="c">2012</subfield>
  </datafield>
  <datafield tag="520" ind1=" " ind2=" ">
   <subfield code="a">Cuốn sách này cung cấp một hướng dẫn thực tế để hỗ trợ cho các chủ sở hữu và các nhà quản lý doanh nghiệp - Chủ tịch/ thành viên Hội đồng quản trị (HĐQT), Giám đốc/ Tổng giám đốc (CEO) - thực hiện quản trị và điều hành công ty một cách tốt nhất; đồng thời đáp ứng được những tiêu chuẩn toàn cầu, hiện đại về quản trị công ty. Trong bối cảnh suy thoái kinh tế, bằng cách rà soát lại, giải quyết các vấn đề về quản trị và điều hành công ty một cách có hệ thống, doanh nghiệp có thể cải thiện hoạt động kinh doanh, mở rộng cơ hội tăng cường và thu được những lợi ích cụ thể như: nâng cao uy tín và thương hiệu; giảm rủi ro và chi phí; có vị thế cạnh tranh tốt hơn; mở rộng khả năng tiếp cận vốn, tín dụng và đầu tư nước ngoài, gia tăng lợi nhuận, duy trì tăng trưởng dài hạn.</subfield>
  </datafield>
  <datafield tag="650" ind1=" " ind2=" ">
   <subfield code="a">Leadership,Nhà lãnh đạo</subfield>
  </datafield>
  <datafield tag="904" ind1=" " ind2=" ">
   <subfield code="i">Ngà,Hải</subfield>
  </datafield>
  <datafield tag="980" ind1=" " ind2=" ">
   <subfield code="a">Trung tâm Học liệu Trường Đại học Cần Thơ</subfield>
  </datafield>
 </record>
</collection>
